000 00594nam a22001817a 4500
999 _c192507
_d192507
005 20220926115234.0
010 _aENG-135200
020 _c700.00
_a9789353435851
035 _aEN-118732
037 _bDBAD/PUB
082 _2620.00151
100 _aDas, Sivaramakrishna
245 _aEngineering Mathematics-I/
_cSivaramakrishna Das
260 _aNoida
_bPerson India Education Services Pvt. Ltd.
_c2019
270 _bNoida
_a15th Floor, Tower-B,World Trade Tower, Plot No.1, Block-C, Sec.-16
_e201301
300 _axv,v.p.
_c22cm(pbk)
942 _2ddc
_cEN
_h620.00151
_mDAS